000 00904nam a2200229Ii 4500
003 JO-AjNU
008 230605s9999||||xx |||||||||||||| ||und||
017 _a2009/9/4167
020 _a978-9957-19-035-4
040 _aJO-AjNU
_bara
_erda
_cJO-AjNU
041 _aara
050 1 4 _aHD9502.A652.N32 2009
100 3 _aالخطيب، هشام ... وآخرون؛ مراجعة وتقديم محمد حلايقة ,
_eauthor
_946246
245 0 0 _aالعرب والمرحلة الاقتصادية الجديدة
250 _aط1
264 3 1 _aعمان: بيروت: مؤسسة عبد الحميد شومان، المؤسسة العربية للدراسات والنشر، 2009
300 _a194ص
336 _atext
_btxt
_2rdacontent
337 _aunmediated
_bn
_2rdamedia
338 _avolume
_bnc
_2rdacarrier
650 4 _aالبلاد العربية - سياسة اقتصادية - ندوات
_946247
999 _aA20104
_c23672
_d23672